| 000 | 00809nam a22001817a 4500 | ||
|---|---|---|---|
| 005 | 20111213164353.0 | ||
| 008 | 111213s2009 ua||||| |||| 00| 0 ara d | ||
| 082 |
_222 _a307.14 _bع ر ف |
||
| 100 |
_928135 _aعرفة، شريف |
||
| 245 |
_aلماذا من حولك أغبياء ؟ / _cشريف عرفة. |
||
| 250 | _aط. 4. | ||
| 260 |
_aالقاهرة : _bدار الافق للنشر والتوزيع، _c2009. |
||
| 300 |
_a271 ص. : _bصور ؛ _c20 سم. |
||
| 650 |
_928136 _aالتنمية البشرية _2الفهرس العربي الموحد |
||
| 653 |
_bAra _cDecember2011 |
||
| 942 |
_2ddc _cBB |
||
| 999 |
_c16323 _d16323 |
||